Ewige Tabelle der Bundesliga - Statistiken

Allgemein
  • Dieses Quiz wurde 79 mal gespielt
  • Das Durchschnittsergebnis liegt bei 44 aus 58
Antwortstatistiken
Punkte Spiele Verein % Korrekt
4067 2010 Bayern München
100%
3142 1934 Borussia Dortmund
98%
2484 1764 1. FC Köln
95%
2733 1866 Hamburger SV
95%
2964 2002 Werder Bremen
95%
2441 1534 Bayer 04 Leverkusen
94%
2796 1908 Borussia Mönchengladbach
94%
504 442 FC Augsburg
92%
2838 1934 VfB Stuttgart
92%
2535 1866 Eintracht Frankfurt
91%
1771 1352 Hertha BSC
91%
2563 1832 FC Schalke 04
89%
42 34 1. FC Heidenheim
88%
243 170 1. FC Union Berlin
88%
763 612 1. FSV Mainz 05
88%
254 272 FC St. Pauli
88%
1024 854 Fortuna Düsseldorf
88%
506 272 RB Leipzig
88%
1004 816 SC Freiburg
88%
1278 918 VfL Wolfsburg
88%
140 140 1. FC Dynamo Dresden
85%
1318 1118 1. FC Nürnberg
85%
0 0 Holstein Kiel
85%
1484 1262 VfL Bochum
85%
1174 1016 Hannover 96
82%
479 412 Hansa Rostock
80%
134 170 SV Darmstadt 98
80%
728 544 TSG Hoffenheim
80%
884 672 TSV 1860 München
80%
2094 1492 1. FC Kaiserslautern
78%
1147 948 MSV Duisburg
78%
262 238 Rot-Weiss Essen
77%
953 812 Karlsruher SC
75%
39 68 SpVgg Greuther Fürth
75%
661 612 Arminia Bielefeld
74%
903 706 Eintracht Braunschweig
74%
144 166 1. FC Saarbrücken
72%
35 34 SSV Ulm 1846
71%
211 204 Energie Cottbus
69%
157 136 Alemannia Aachen
68%
543 476 KFC Uerdingen 05
68%
51 68 SC Paderborn 07
66%
72 68 FC Ingolstadt 04
65%
30 30 Preußen Münster
63%
77 72 Stuttgarter Kickers
63%
285 238 SV Waldhof Mannheim
63%
282 238 Kickers Offenbach
62%
10 34 SC Tasmania 1900 Berlin
62%
33 34 Fortuna Köln
60%
49 68 Tennis Borussia Berlin
60%
102 102 Wuppertaler SV
58%
79 68 SpVgg Unterhaching
57%
139 136 Rot-Weiß Oberhausen
52%
90 102 FC 08 Homburg
46%
93 98 Borussia Neunkirchen
42%
20 34 VfB Leipzig
42%
150 140 SG Wattenscheid 09
40%
21 34 SpVgg Blau-Weiß 90 Berlin
15%
Keine übereinstimmenden Quizze gefunden
Verteilung der Resultate
Anzahl Personen mit jedem Resultat
Perzentil nach korrekt beantworteten Fragen
Ihre Resultats-Entwicklung
Sie haben dieses Quiz noch nicht gespielt